000 00250nam a2200097Ia 4500
008 240331s9999 xx 000 0 und d
082 _bBRI
100 _aBrisbane,H.E
245 4 _aThe Developing child :
_bunderstanding children and parenting
942 _cL
999 _c4499
_d4499